Rajnaitik padhati : (Record no. 746)

MARC details
000 -LEADER
fixed length control field 00536cam a2200181ua 4500
008 - FIXED-LENGTH DATA ELEMENTS--GENERAL INFORMATION
fixed length control field 110420n ii |||gr||||Z||||||asm
040 ## - CATALOGING SOURCE
Transcribing agency MAIN
082 ## - DEWEY DECIMAL CLASSIFICATION NUMBER
Classification number 324
245 1# - TITLE STATEMENT
Title Rajnaitik padhati :
Remainder of title America juktarasto,subhiet rusia, lokotantik chin /
Statement of responsibility, etc. by Birendra Kumar Talukdar
250 ## - EDITION STATEMENT
Edition statement 1st.
260 ## - PUBLICATION, DISTRIBUTION, ETC.
Place of publication, distribution, etc. Dibrugarh:
Name of publisher, distributor, etc. Pathyaputhi prostuti samonyoi samiti.
300 ## - PHYSICAL DESCRIPTION
Extent 438p.:
Dimensions 22cm.
700 ## - ADDED ENTRY--PERSONAL NAME
Personal name Talukdar, Birendra Kumar.,
Relator term
942 ## - ADDED ENTRY ELEMENTS (KOHA)
Koha item type Books
653 ## - INDEX TERM--UNCONTROLLED
Uncontrolled term Political science
653 ## - INDEX TERM--UNCONTROLLED
Uncontrolled term Rajnaitik padhatti
Holdings
Withdrawn status Lost status Damaged status Not for loan Home library Current library Shelving location Date acquired Total Checkouts Full call number Barcode Date last seen Copy number Price effective from Koha item type
        Naharkatiya College Central Library Naharkatiya College Central Library   19/09/2020   324 | TAL 414 19/09/2020 1 19/09/2020 Books

Naharkatiya College © 2020. All rights reserved.

Powered By